[Event "XI. Solinger Karnevals-Open"]
[Site "Solingen"]
[Date "2020.02.23"]
[Round "5.24"]
[White "Aravindan, Midhulan"]
[Black "Prang, Andreas"]
[Result "0-1"]
[WhiteElo "1491"]
[BlackElo "1811"]
[PlyCount "134"]
[EventDate "2020.02.21"]
[EventType "swiss"]
[EventRounds "5"]
[EventCountry "GER"]
[Tiebreak "Buchholz+Sum of Buchholz"]

1. e4 c5 2. Nf3 e6 3. Bc4 Nc6 4. O-O d6 5. c3 Nf6 6. Re1 Be7 7. d4 cxd4 8. cxd4
d5 9. exd5 Nxd5 10. Bxd5 exd5 11. h3 O-O 12. Bf4 Be6 13. Nc3 Rc8 14. Rc1 Na5
15. Qe2 Nc4 16. b3 Na5 17. Nb5 Nc6 18. Ne5 Qb6 19. Be3 Nb8 20. Qf1 Bb4 21. Red1
a6 22. a3 Be7 23. Nc3 Qxb3 24. Bd2 Qxa3 25. Ra1 Qd6 26. f4 {(=)} Bf5 27. g4 Bc2
28. Rdc1 Be4 29. Qe2 f5 30. Nxe4 fxe4 31. Be3 b5 32. g5 Qe6 33. Kg2 Bd6 34. g6
hxg6 35. Qg4 Qxg4+ 36. hxg4 Bxe5 37. dxe5 Rc4 38. Kg3 Rfc8 39. Rd1 Rc3 40. Kf2
Rc2+ 41. Ke1 Rd8 42. Rac1 Rxc1 43. Rxc1 d4 44. Bxd4 Rxd4 45. Rc8+ Kf7 46. Rxb8
b4 47. Ke2 a5 48. Rb7+ Ke6 49. Rxg7 b3 50. Rxg6+ Kf7 51. Rb6 Rb4 52. Rf6+ Ke7
53. f5 b2 54. Re6+ Kd7 55. Rd6+ Kc7 56. Rd1 b1=Q 57. Rxb1 Rxb1 58. f6 Kd7 59.
Ke3 Rg1 60. Kxe4 Ke6 61. Kf4 a4 62. Kg5 a3 63. Kh5 a2 64. g5 a1=Q 65. Kh6 Qxe5
66. Kh7 Qxg5 67. Kh8 Qh6# 0-1

[Event "XI. Solinger Karnevals-Open"]
[Site "Solingen"]
[Date "2020.02.23"]
[Round "5.25"]
[White "Tong, Anthony"]
[Black "Lux, Andreas"]
[Result "0-1"]
[WhiteElo "1464"]
[BlackElo "1776"]
[PlyCount "31"]
[EventDate "2020.02.21"]
[EventType "swiss"]
[EventRounds "5"]
[EventCountry "GER"]
[Tiebreak "Buchholz+Sum of Buchholz"]

1. d4 Nf6 2. e3 g6 3. f4 d6 4. Nf3 Bg7 5. Bd3 O-O 6. b3 c5 7. Bb2 Nc6 8. Nc3
Nb4 9. h3 Nxd3+ 10. Qxd3 Qa5 11. O-O b6 12. dxc5 Ba6 13. Qd1 Bxf1 14. Kxf1 bxc5
15. Nd5 Nxd5 16. Bxg7 0-1

[Event "XI. Solinger Karnevals-Open"]
[Site "Solingen"]
[Date "2020.02.23"]
[Round "5.26"]
[White "Runte, Dirk"]
[Black "Liehs, Karl"]
[Result "1/2-1/2"]
[WhiteElo "1692"]
[BlackElo "1421"]
[PlyCount "127"]
[EventDate "2020.02.21"]
[EventType "swiss"]
[EventRounds "5"]
[EventCountry "GER"]
[Tiebreak "Buchholz+Sum of Buchholz"]

1. d4 Nf6 2. c4 g6 3. Nf3 c5 4. g3 Bg7 5. Bg2 O-O 6. O-O Na6 7. d5 d6 8. a3 Nc7
9. Nc3 e5 10. e4 Bd7 11. Bg5 Qc8 12. Qd2 b5 13. cxb5 Bh3 14. Rfe1 Bxg2 15. Kxg2
Re8 16. a4 Rb8 17. h3 Nd7 18. Bh6 Bh8 19. Rab1 a6 20. bxa6 Qxa6 21. Qd1 c4 22.
Ng5 f6 23. Ne6 Nxe6 24. dxe6 Rxe6 25. Qd5 Kf7 26. Nb5 Qb6 27. Be3 Nc5 28. Qxc4
Qc6 29. Nxd6+ Qxd6 30. Qxc5 Bg7 31. Qa7+ Re7 32. Qc5 Qxc5 33. Bxc5 Rd7 34. b4
Bf8 35. Ra1 Bxc5 36. bxc5 Rc7 37. Rec1 Rb4 38. a5 Rb8 39. c6 Ke6 40. a6 Kd6 41.
a7 Ra8 42. Ra6 Raxa7 43. Rd1+ Kc5 44. Rxa7 Rxa7 45. Rd7 Ra8 46. Rxh7 Kxc6 47.
Rg7 Kc5 48. Rxg6 Kd4 49. Rxf6 Kxe4 50. f3+ Ke3 51. g4 Ra2+ 52. Kg3 Ra1 53. Rf5
Rg1+ 54. Kh4 Kf2 55. Rxe5 Kxf3 56. Rf5+ Kg2 57. Rh5 Rh1 58. Kg5 Kg3 59. Kg6 Kf4
60. Rh7 Rg1 61. Kh5 Rg3 62. h4 Rxg4 63. Rf7+ Kg3 64. Rf8 1/2-1/2

[Event "XI. Solinger Karnevals-Open"]
[Site "Solingen"]
[Date "2020.02.23"]
[Round "5.27"]
[White "Reinacher, Detlev"]
[Black "Sebastian, Thorsten"]
[Result "1-0"]
[WhiteElo "1676"]
[BlackElo "1481"]
[PlyCount "75"]
[EventDate "2020.02.21"]
[EventType "swiss"]
[EventRounds "5"]
[EventCountry "GER"]
[Tiebreak "Buchholz+Sum of Buchholz"]

1. e4 e5 2. d3 Nf6 3. g3 Bc5 4. Bg2 d6 5. Nf3 Nc6 6. c3 a5 7. Nbd2 O-O 8. O-O
Bg4 9. Qc2 h6 10. a4 Qd7 11. Re1 Bh3 12. Bh1 Nh5 13. Nf1 Ne7 14. Ne3 Kh8 15. d4
Ba7 16. dxe5 dxe5 17. Nxe5 Qe6 18. N5c4 f5 19. exf5 Nxf5 20. Qe2 Qg6 21. Bxb7
Nf4 22. Qc2 Rae8 23. Nxa5 Qg5 24. b4 Nh4 25. Kh1 Bg2+ 26. Nxg2 Nhxg2 27. Rxe8
Rxe8 28. Bxf4 Nxf4 29. gxf4 Qxf4 30. f3 Re3 31. Be4 Qh4 32. Qd2 g5 33. Qd8+ Kg7
34. Qxc7+ Kf8 35. Qc8+ Ke7 36. Nc6+ Kd6 37. Qd8+ Ke6 38. Qe7# 1-0

[Event "XI. Solinger Karnevals-Open"]
[Site "Solingen"]
[Date "2020.02.23"]
[Round "5.28"]
[White "Scheidtmann, Kian"]
[Black "Meckel, Helmut"]
[Result "0-1"]
[WhiteElo "1551"]
[BlackElo "1841"]
[PlyCount "110"]
[EventDate "2020.02.21"]
[EventType "swiss"]
[EventRounds "5"]
[EventCountry "GER"]
[Tiebreak "Buchholz+Sum of Buchholz"]

1. e4 e6 2. d4 d5 3. Nc3 Nf6 4. e5 Nfd7 5. Be3 c5 6. f4 Nc6 7. Nf3 cxd4 8. Bxd4
Nxd4 9. Nxd4 Bc5 10. Nb3 b6 11. Bd3 a6 12. Qg4 Kf8 13. h4 h5 14. Qg5 Qxg5 15.
hxg5 Bb4 16. O-O-O Bxc3 17. bxc3 Bb7 18. Rh4 g6 19. g4 Kg7 20. gxh5 gxh5 21.
Rd2 Nf8 22. Rdh2 Ng6 23. Bxg6 fxg6 24. Nd4 Rhe8 25. Kb2 Rac8 26. a4 Rc4 27. Kb3
Kf7 28. R2h3 Bc8 29. Rh1 Bd7 30. Ra1 Rec8 31. Rh3 R8c5 32. a5 bxa5 33. Ra3 a4+
34. Ka2 Ke7 35. Kb1 Rc8 36. Kc1 Rf8 37. Rh4 Rb8 38. Kd2 Rb1 39. Ke2 Rc8 40. Kd2
Rcb8 41. Ke2 Rg1 42. Kd2 Rbb1 43. Ne2 Rh1 44. Rxh1 Rxh1 45. Ke3 Bb5 46. Nd4 h4
47. Kf2 Rh2+ 48. Kg1 Rh3 49. Kg2 Rg3+ 50. Kh2 Rg4 51. Kh3 Rxf4 52. Ra1 Bf1+ 53.
Kh2 Bb5 54. Kh3 Kd7 55. Kh2 Re4 0-1

[Event "XI. Solinger Karnevals-Open"]
[Site "Solingen"]
[Date "2020.02.23"]
[Round "5.29"]
[White "Kissing, Bastian"]
[Black "Liehs, Konstantin"]
[Result "1/2-1/2"]
[WhiteElo "1778"]
[BlackElo "1533"]
[PlyCount "95"]
[EventDate "2020.02.21"]
[EventType "swiss"]
[EventRounds "5"]
[EventCountry "GER"]
[Tiebreak "Buchholz+Sum of Buchholz"]

1. e4 e5 2. Nf3 Nc6 3. Bb5 f5 4. Nc3 fxe4 5. Nxe4 Nf6 6. Nxf6+ Qxf6 7. O-O Nd4
8. Nxd4 exd4 9. Re1+ Be7 10. Qe2 c6 11. Ba4 d5 12. d3 O-O 13. Bg5 Qxg5 14. Qxe7
Qxe7 15. Rxe7 b5 16. Bb3 a5 17. a4 Ba6 18. Rae1 bxa4 19. Bxa4 Bb5 20. Bb3 a4
21. Ba2 Rf7 {(=)} 22. Re8+ Rxe8 23. Rxe8+ Rf8 24. Rxf8+ Kxf8 25. f4 h5 26. Kf2
Kf7 27. h3 Kf6 28. g4 g6 29. Kg3 Ba6 30. Bb1 c5 31. g5+ Ke6 32. c4 dxc3 33.
bxc3 a3 34. c4 dxc4 35. Ba2 Kf5 36. dxc4 Ke4 37. h4 Kd4 38. f5 Bxc4 39. Bxc4
Kxc4 40. fxg6 a2 41. g7 a1=Q 42. g8=Q+ Kb5 43. Qb3+ Kc6 44. Qf3+ Kb5 45. Qxh5
Qg1+ 46. Kf4 Qd4+ 47. Kf5 Qd5+ 48. Kf6 1/2-1/2

[Event "XI. Solinger Karnevals-Open"]
[Site "Solingen"]
[Date "2020.02.23"]
[Round "5.30"]
[White "Hapka, Luca"]
[Black "Rewig, Adrian"]
[Result "1/2-1/2"]
[WhiteElo "1674"]
[BlackElo "1414"]
[PlyCount "66"]
[EventDate "2020.02.21"]
[EventType "swiss"]
[EventRounds "5"]
[EventCountry "GER"]
[Tiebreak "Buchholz+Sum of Buchholz"]

1. e4 c6 2. d4 d5 3. Nc3 dxe4 4. Nxe4 Bf5 5. Ng3 Bg6 6. Nf3 Nd7 7. Nh4 e6 8.
Nxg6 hxg6 9. c3 Ngf6 10. Be2 Bd6 11. Bg5 Qc7 12. Qd3 Bf4 13. Bxf4 Qxf4 14. Qe3
Qxe3 15. fxe3 Nd5 16. Kd2 f5 17. Raf1 N7f6 18. h3 Rh4 19. c4 Ne7 20. Rf4 g5 21.
Rxh4 gxh4 22. Nh5 Ne4+ 23. Kc2 g6 24. Nf4 Ng3 25. Re1 Nxe2 26. Rxe2 Kf7 27. e4
g5 28. Nd3 Ng6 29. Rf2 Ne7 30. Ne5+ Kf6 31. Nd7+ Kg6 32. exf5+ exf5 33. Re2 Re8
1/2-1/2

[Event "XI. Solinger Karnevals-Open"]
[Site "Solingen"]
[Date "2020.02.23"]
[Round "5.31"]
[White "Gülcan, Gamze Alara"]
[Black "Tanz, Manfred"]
[Result "0-1"]
[WhiteElo "786"]
[BlackElo "1610"]
[PlyCount "96"]
[EventDate "2020.02.21"]
[EventType "swiss"]
[EventRounds "5"]
[EventCountry "GER"]
[Tiebreak "Buchholz+Sum of Buchholz"]

1. d4 d5 2. Nc3 e6 3. a3 Be7 4. Nf3 Nf6 5. Bf4 a6 6. e3 O-O 7. Bd3 Nh5 8. O-O
Nxf4 9. exf4 Nd7 10. Qe2 c5 11. b3 b5 12. Qe3 c4 13. Be2 Nf6 14. bxc4 bxc4 15.
Rfb1 Bd7 16. Bd1 Qc7 17. Ne2 Rfb8 18. c3 Rxb1 19. Rxb1 Bxa3 20. Ra1 Bd6 21. Bc2
h6 22. Qc1 a5 23. Bb1 a4 24. Qc2 Bxf4 25. Nxf4 Qxf4 26. Ne5 Be8 27. g3 Qe4 28.
Qc1 Qe2 29. Ra2 Qh5 30. f3 Nd7 31. Qc2 Nxe5 32. Qh7+ Kf8 33. dxe5 Qxe5 34. Rb2
Bc6 35. Rb6 Be8 36. Rb7 g6 37. Qxh6+ Qg7 38. Qf4 e5 39. Qe3 d4 40. cxd4 exd4
41. Qe7+ Kg8 42. Be4 Rc8 43. Ra7 d3 44. Kf1 d2 45. Ke2 c3 46. Kd1 Qd4 47. Qg5
Qg1+ 48. Ke2 d1=Q# 0-1

[Event "XI. Solinger Karnevals-Open"]
[Site "Solingen"]
[Date "2020.02.23"]
[Round "5.32"]
[White "Schneider, Ferdinand"]
[Black "Schüller, Reinhard"]
[Result "1/2-1/2"]
[WhiteElo "1347"]
[BlackElo "1406"]
[PlyCount "105"]
[EventDate "2020.02.21"]
[EventType "swiss"]
[EventRounds "5"]
[EventCountry "GER"]
[Tiebreak "Buchholz+Sum of Buchholz"]

1. e4 d5 2. exd5 Nf6 3. d4 Nxd5 4. c4 Nf6 5. Nf3 Bg4 6. Be2 e6 7. O-O Nc6 8.
Be3 Bd6 9. Nc3 a6 10. Bg5 Bxf3 11. Bxf3 Nxd4 12. Bxb7 Rb8 13. Bxa6 Rxb2 14. Nb5
Nxb5 15. Bxb5+ Kf8 16. Qc1 Be5 17. Rd1 Qe7 18. f4 Qc5+ 19. Kh1 Bd4 20. Bxf6
Bxf6 21. a4 c6 22. Rd7 cxb5 23. axb5 g6 24. Raa7 Rxb5 25. Rxf7+ Kg8 26. Rxf6
Qxc4 27. Qe1 Rb6 28. Raf7 Rb8 29. h3 Ra8 30. Re7 Ra6 31. Qd1 Qd5 32. Qxd5 Ra1+
33. Kh2 exd5 34. Ref7 Ra8 35. Kg3 Rd8 36. Kf3 d4 37. Ke2 d3+ 38. Kd2 h6 {(=)}
39. g4 Rh7 40. Rxh7 Kxh7 41. f5 gxf5 42. Rxf5 Kg6 43. h4 Rd4 44. h5+ Kg7 45. g5
hxg5 46. Rxg5+ Kh6 47. Ra5 Rh4 48. Kxd3 Rxh5 49. Ra6+ Kg5 50. Ra5+ Kg4 51. Ra4+
Kf3 52. Rb4 Re5 53. Rd4 1/2-1/2

[Event "XI. Solinger Karnevals-Open"]
[Site "Solingen"]
[Date "2020.02.23"]
[Round "5.33"]
[White "Gülcan, Bartu Atilla"]
[Black "Jorke, Roland"]
[Result "0-1"]
[WhiteElo "1101"]
[BlackElo "1388"]
[PlyCount "122"]
[EventDate "2020.02.21"]
[EventType "swiss"]
[EventRounds "5"]
[EventCountry "GER"]
[Tiebreak "Buchholz+Sum of Buchholz"]

1. e4 d5 2. exd5 Qxd5 3. Nc3 Qa5 4. Nf3 Nf6 5. d4 c6 6. Bg5 Ne4 7. Bd2 Nxd2 8.
Qxd2 Nd7 9. Bc4 e6 10. O-O Bb4 11. a3 Bxc3 12. Qxc3 Qxc3 13. bxc3 Nb6 14. Bb3
Nd5 15. Bxd5 cxd5 16. Ne5 O-O 17. Rab1 f6 18. Nd3 b6 19. Rb4 Bd7 20. c4 dxc4
21. Rxc4 Rfc8 22. Rxc8+ Rxc8 23. Rc1 Rc3 24. Nf4 Kf7 25. Ne2 Rxa3 26. c3 Ra2
27. Nf4 g5 28. Nd3 a5 29. g3 Rd2 30. Ne1 Bc6 31. Kf1 a4 32. c4 Rxd4 33. Rb1
Rxc4 34. Rxb6 Bd5 35. Nd3 a3 36. Ra6 Rc3 37. Ra7+ Kg6 38. Nb4 Bc4+ 39. Ke1 Rc1+
40. Kd2 Ra1 41. Kc3 Bd5 42. Nxd5 exd5 43. Kb3 Rf1 44. f4 Rf3+ 45. Kc2 gxf4 46.
gxf4 h6 47. Rd7 Rxf4 48. Rxd5 a2 49. Ra5 Rf2+ 50. Kb3 Rxh2 51. Ra6 h5 52. Kc3
h4 53. Kd3 Kg5 54. Ke3 Rg2 55. Kf3 h3 56. Ra4 f5 57. Ra5 Rb2 58. Kg3 h2 59.
Rxa2 Rxa2 60. Kh3 h1=Q+ 61. Kg3 Qg2# 0-1